000 00931nam a2200277 i 4500
003 DO-SdBNP
005 20230426145505.0
007 ta
008 210303b 2020 dr 00| 0 eng d
020 _a9789945628111
040 _aDO-SdBNP
_bspa
_cBNPHU
_erda
082 4 _a158.1
_bP426m
_222
100 1 _aPeralta, Angélica
_978001
245 1 0 _aMujer, trasciende el miedo :
_bDios cumplirá su propósito en ti /
_cAngélica Peralta ; prólogo Rosa Ariza de Valera.
264 _aSanto Domingo :
_bBien-Etre,
_c2020.
300 _a110 páginas ;
_c22 cm.
336 _2rdacontent
_atexto
_btxt
337 _2rdamedia
_asin mediación
_bn
338 _2rdacarrier
_avolumen
_bnc
500 _aLa biblioteca posee 1 ejemplar autografiado por la autora
504 _a Bibliografía : p. 105
590 _aInventariado, 2021 /LP
700 1 _aAriza de Valera, Rosa,
_e prólogo
_917140
910 _aLopérez
942 _2ddc
_cLBS1
999 _c49489
_d49489